000
00306nam a2200121 a 4500
008
110104s1982|||| d
100
1
_a
Lenin, V. I.
245
1
0
_a
Zobrané spisy 14
_b
September 1906 - február 1907
260
_b
Pravda
_a
Bratislava
_c
1982
020
_c
15
044
_a
xo
_c
SK
041
_a
slo
999
_c
15435
_d
15435